| 000 | 02321cam a22004454i 4500 | ||
|---|---|---|---|
| 003 | PE-LiUPU | ||
| 005 | 20250731165422.0 | ||
| 008 | 160111s2013 pe a grm 000 0 spa d | ||
| 035 | _a(Sirsi) a155660 | ||
| 040 |
_aPE-LiUPU _bspa _cPE-LiUPU _erda |
||
| 099 |
_aTEF 3 _bC28 2013 |
||
| 100 | 1 |
_aCasildo Bedón, Danitza Raquel _eautor |
|
| 245 | 1 |
_aRelación entre la satisfacción laboral y el trato digno que brinda el profesional de enfermería al paciente que acude a una institución privada de salud de IV Nivel de atención Lima-2013 / _cDanitza Raquel Casildo Bedón. |
|
| 264 | 0 | _c2013. | |
| 300 |
_a148 hojas : _bilustraciones; _c30 cm |
||
| 336 |
_atext _2rdacontent |
||
| 337 |
_aunmediated _2rdamedia |
||
| 338 |
_avolume _2rdacarrier |
||
| 502 |
_aTesis _b(Mg.) -- _cUniversidad Peruana Unión, _d2013. |
||
| 504 | _aIncluye bibliografía | ||
| 520 | 3 | _aEl presente trabajo de investigación tiene el objetivo de establecer la relación entre la satisfacción laboral y el trato digno que brinda el profesional de enfermería al paciente que acude a una institución privada de salud de IV nivel de atención en la ciudad de Lima-2013. El estudio es de diseño no experimental, tipo cuantitativo, descriptivo, correlacional y transversal. La población estuvo constituida por 57 profesionales de enfermería que trabajan en el área asistencial de la clínica durante el último año. Los resultados muestran que la satisfacción laboral no tiene relación positiva con el trato digno; sin embargo, en el análisis detallado de las dimensiones, los resultados arrojaron en lo que respecta a la determinante naturaleza de contenido de trabajo, existe una correlación positiva con el trato digno que brinda el profesional de enfermería. | |
| 526 | _aSEG44 | ||
| 526 | _aSEG26 | ||
| 526 | _aP151 | ||
| 526 | _aP150 | ||
| 526 | _aP149 | ||
| 526 | _aP146 | ||
| 526 | _aP145 | ||
| 526 | _aP126 | ||
| 526 | _aP125 | ||
| 526 | _aP92 | ||
| 526 | _aP75 | ||
| 526 | _aP74 | ||
| 526 | _aP27 | ||
| 526 | _aP15 | ||
| 650 | 0 | 4 |
_aPacientes y enfermeras _xSatisfacción en el trabajo. |
| 596 | _a1 | ||
| 942 |
_2ddc _cTESIS |
||
| 999 |
_aTEF 3 C28 2013 _wALPHANUM _c8336 _iT01386 _lCCODEBUL3 _mBUL _r1 _sY _tTESIS _u2016-1-11 _xPOSGRADO _PP69 _o.STAFF. Tesis _d8336 |
||
| 980 |
_81 _gALBERTO SANCHEZ Responsable de Automatización |
||